Statistics for Three Letter Words in U.S. States

Click here to take the quiz!

General Stats

  • This quiz has been taken 253 times
  • The average score is 12 of 21

Answer Stats

WordState% Correct
ARKArkansas
97%
CUTConnecticut
79%
SEETennessee
73%
SIPMississippi
68%
OUILouisiana
64%
ARYMaryland
63%
BRANebraska
63%
ASHWashington
59%
FORCalifornia
57%
SINWisconsin
56%
LABAlabama
54%
EGOOregon
52%
REGOregon
52%
OURMissouri
50%
SETMassachusetts
48%
RADColorado
46%
RIDFlorida
46%
TANMontana
46%
ODERhode Island
46%
LAWDelaware
40%
VANPennsylvania
31%

Score Distribution

Percentile by Number Answered

Percent of People with Each Score

Your Score History

You have not taken this quiz